|
|
|
|
| LEADER |
01312nam a2200409 i 4500 |
| 001 |
001608278 |
| 003 |
CZ BrMZK |
| 005 |
20180124081138.0 |
| 007 |
ta |
| 008 |
171212s1997 xo a e 000 0 cze |
| 020 |
|
|
|a 80-88849-09-8
|q (vázáno)
|
| 040 |
|
|
|a BOA001
|b cze
|e rda
|
| 072 |
|
7 |
|a 7.01/.09
|x Umění
|2 Konspekt
|9 21
|
| 080 |
|
|
|a 686.7
|2 MRF
|
| 080 |
|
|
|a 7.04
|2 MRF
|
| 080 |
|
|
|a 82:7.04
|2 MRF
|
| 080 |
|
|
|a (048.8)
|2 MRF
|
| 100 |
1 |
|
|a Savický, Nikolaj,
|d 1962-
|7 jn20000402183
|4 aut
|
| 245 |
1 |
0 |
|a Záludnosti zrcadlení v dějinách /
|c Nikolaj Savický
|
| 250 |
|
|
|a Vydání první
|
| 264 |
|
1 |
|a Košice :
|b Knižná dielňa Timotej,
|c 1997
|
| 300 |
|
|
|a 84 stran :
|b barevné ilustrace ;
|c 21 cm
|
| 336 |
|
|
|a text
|b txt
|2 rdacontent
|
| 337 |
|
|
|a bez média
|b n
|2 rdamedia
|
| 338 |
|
|
|a svazek
|b nc
|2 rdacarrier
|
| 490 |
1 |
|
|a Entelechia
|
| 500 |
|
|
|a 500 výtisků
|
| 504 |
|
|
|a Obsahuje bibliografii
|
| 650 |
0 |
7 |
|a zrcadla
|7 ph127688
|2 czenas
|
| 650 |
0 |
7 |
|a umělecké náměty
|7 ph138227
|2 czenas
|
| 650 |
0 |
7 |
|a literární náměty
|7 ph138213
|2 czenas
|
| 655 |
|
7 |
|a pojednání
|7 fd133056
|2 czenas
|
| 830 |
|
0 |
|a Entelechia
|
| 910 |
|
|
|a BOA001
|b 2-1398.881
|
| 990 |
|
|
|a BK
|
| 991 |
|
|
|b 201801
|c NOV
|
| 996 |
7 |
|
|b 2610723942
|c 2-1398.881
|l MZK
|r Sklad / do 1 hodiny
|n 4
|p kup
|w 001643800
|u 000010
|a 1
|e BOA001
|j MZK50
|s A
|